Statistics for Harry Styles Charting Songs (Bubbling Under)

Click here to take the quiz!

General Stats

  • This quiz has been taken 78 times
  • The average score is 4 of 7

Answer Stats

AlbumPeakArtist(s)Song% Correct
Fine Line#11Harry StylesFine Line
78%
Harry Styles#18Harry StylesTwo Ghosts
55%
Fine Line#18Harry StylesTreat People with Kindness
55%
Fine Line#2Harry StylesTo Be So Lonely
52%
Harry Styles#14Harry StylesCarolina
52%
Fine Line#15Harry StylesCanyon Moon
52%
Fine Line#3Harry StylesSunflower, Vol. 6
41%

Score Distribution

Percentile by Number Answered

Percent of People with Each Score

Your Score History

You have not taken this quiz